[Event "London Classic op 4th"]
[Site "London"]
[Date "2012.12.08"]
[Round "8"]
[White "Sigurdsson, Birkir Karl"]
[Black "Phillips, William"]
[Result "1/2-1/2"]
[WhiteElo "1725"]
[BlackElo "1950"]
[PlyCount "27"]
[EventDate "2012.12.01"]
[EventType "swiss"]
[EventRounds "9"]
[EventCountry "ENG"]
[SourceTitle "EXT 2014"]
[Source "ChessBase"]
[SourceDate "2013.11.20"]
[SourceVersion "1"]
[SourceVersionDate "2013.11.20"]
[SourceQuality "1"]

1. d4 Nf6 2. c4 g6 3. Nc3 Bg7 4. e4 d6 5. Nf3 0-0 6. Be2 e5 7. 0-0 Nc6 8. Be3 Ng4 9. Bg5 f6 10. Bc1 f5 11. exf5 gxf5 12. d5 Ne7 13. h3 Nf6 14. b4 1/2-1/2

[Event "London Classic op 4th"]
[Site "London"]
[Date "2012.12.02"]
[Round "2"]
[White "Sigurdsson, Birkir Karl"]
[Black "Dydak, Mateusz"]
[Result "1/2-1/2"]
[WhiteElo "1725"]
[BlackElo "1992"]
[PlyCount "112"]
[EventDate "2012.12.01"]
[EventType "swiss"]
[EventRounds "9"]
[EventCountry "ENG"]
[SourceTitle "CBM 151 Extra"]
[Source "ChessBase"]
[SourceDate "2012.12.18"]
[SourceVersion "1"]
[SourceVersionDate "2012.12.18"]
[SourceQuality "1"]

1. d4 f5 2. e4 fxe4 3. Nc3 Nf6 4. Bg5 c6 5. Bxf6 exf6 6. Nxe4 d5 7. Nc3 Bf5 8. Bd3 Bxd3 9. Qxd3 Bd6 10. Nf3 Qe7+ 11. Ne2 Na6 12. c3 0-0-0 13. 0-0 Nc7 14. b4 Qe4 15. Qd2 g5 16. a4 h5 17. Ng3 Qg6 18. Rfd1 h4 19. Nf1 g4 20. Ne1 g3 21. fxg3 hxg3 22. h3 Rde8 23. Qd3 Qg5 24. Nf3 Qf4 25. Qd2 Qf5 26. Qd3 Qe4 27. Qb1 Qf4 28. Qd3 Re4 29. Rab1 a6 30. Rb2 b5 31. axb5 axb5 32. Ra2 Kd7 33. Re2 Rhe8 34. Rde1 f5 35. N1d2 Rxe2 36. Rxe2 Ra8 37. Re1 Ne6 38. Nb3 Ng5 39. Rf1 Nxf3+ 40. Rxf3 Qe4 41. Qf1 f4 42. Nc5+ Bxc5 43. bxc5 Rf8 44. Qa1 Rf6 45. Qa7+ Ke6 46. Qc7 Qe1+ 47. Rf1 Qe3+ 48. Kh1 Kf5 49. Qd7+ Kg6 50. Qg4+ Kf7 51. Qh5+ Kg7 52. Ra1 Qe7 53. Qg5+ Kf7 54. Qh5+ Kg7 55. Qg5+ Kf7 56. Qh5+ Kg7 1/2-1/2

[Event "SCO-ch 119th"]
[Site "Glasgow"]
[Date "2012.07.12"]
[Round "6"]
[White "Sigurdsson, Birkir Karl"]
[Black "Mclatchie, Jonathan"]
[Result "1/2-1/2"]
[WhiteElo "1709"]
[BlackElo "1875"]
[PlyCount "40"]
[EventDate "2012.07.07"]
[EventType "swiss"]
[EventRounds "9"]
[EventCountry "SCO"]
[SourceTitle "CBM 149 Extra"]
[Source "ChessBase"]
[SourceDate "2012.08.24"]
[SourceVersion "1"]
[SourceVersionDate "2012.08.24"]
[SourceQuality "1"]

1. d4 Nf6 2. c4 e6 3. Nc3 Bb4 4. e3 c5 5. Bd3 cxd4 6. exd4 d5 7. Nge2 0-0 8. 0-0 b6 9. Bg5 Be7 10. Rc1 Bb7 11. a3 dxc4 12. Bxc4 Nbd7 13. Qd3 Ne8 14. Bd2 Nc7 15. Rfd1 Nf6 16. f3 Ncd5 17. Nxd5 Nxd5 18. Nc3 Nxc3 19. Bxc3 Bg5 20. Rc2 Rc8 1/2-1/2

[Event "SCO-ch 119th"]
[Site "Glasgow"]
[Date "2012.07.07"]
[Round "1"]
[White "Sigurdsson, Birkir Karl"]
[Black "Giulian Jackson, Rosemary"]
[Result "1/2-1/2"]
[WhiteElo "1709"]
[BlackElo "1918"]
[PlyCount "47"]
[EventDate "2012.07.07"]
[EventType "swiss"]
[EventRounds "9"]
[EventCountry "SCO"]
[SourceTitle "CBM 149 Extra"]
[Source "ChessBase"]
[SourceDate "2012.08.24"]
[SourceVersion "1"]
[SourceVersionDate "2012.08.24"]
[SourceQuality "1"]

1. d4 e6 2. c4 Nf6 3. Nc3 Bb4 4. e3 0-0 5. Nge2 d5 6. Ng3 Re8 7. Bd3 a5 8. 0-0 Nbd7 9. Qc2 Bf8 10. b3 g6 11. f3 dxc4 12. bxc4 c5 13. d5 exd5 14. cxd5 Ne5 15. e4 Nxd3 16. Qxd3 b6 17. Re1 Ba6 18. Qd2 Nd7 19. f4 c4 20. a4 Nc5 21. Qc2 Nd3 22. Rf1 Bc5+ 23. Kh1 Nxc1 24. Raxc1 1/2-1/2